|
|
|
|
| LEADER |
00000nam a2200000 a 4500 |
| 001 |
vtls010277686 |
| 003 |
SK-MaSNL |
| 005 |
20260301031737.0 |
| 008 |
240318s2010 xo al f 000 0 slo |
| 015 |
|
|
|a SNBA2011/07-03665
|
| 020 |
|
|
|a 9788089504039
|q (brož.)
|
| 035 |
|
|
|a 10DF8579-3A10-412A-AB13-7995D4B2D1D0
|
| 035 |
|
|
|a urn:nbn:sk:snk-amjhtj
|
| 035 |
|
|
|a urn:nbn:sk:snk-am001xw7
|
| 040 |
|
|
|a SNK
|b slo
|c SNK
|e AACR2
|
| 041 |
1 |
|
|a slo
|h ger
|
| 044 |
|
|
|a xo
|c SK
|
| 072 |
|
7 |
|a 786
|x Hudba pre klávesové nástroje
|2 konspekt
|
| 080 |
|
|
|a 786.2.02
|2 2001
|
| 080 |
|
|
|a 37.01:78
|2 2001
|
| 080 |
|
|
|a (048.8)
|2 2001
|
| 100 |
1 |
|
|a Martienssen, Carl Adolf
|4 aut
|9 327762
|
| 240 |
0 |
0 |
|a Schöpferischer Klavierunterricht
|l Slovensky
|
| 245 |
1 |
0 |
|a Tvorivé vyučovanie klavírnej hry
|c Carl Adolf Martienssen ; [preklad: Miloslav Starosta]
|
| 250 |
|
|
|a 1. vyd.
|
| 260 |
|
|
|a V Bratislave
|b Orman
|c 2010
|
| 300 |
|
|
|a 264 s.
|b ilustr., noty
|c 21 cm
|e 1 CD-ROM
|
| 500 |
|
|
|a Vydané pre Hudobnú a tanečnú fakultu VŠMU
|
| 504 |
|
|
|a Bibliogr. s. 261-264
|
| 650 |
0 |
7 |
|a hra na klavíri
|2 SNKPH
|9 16125
|
| 650 |
0 |
7 |
|a hudobná pedagogika
|2 SNKPH
|9 67645
|
| 650 |
0 |
7 |
|a Piano playing
|2 SNKPHeng
|9 327763
|
| 650 |
0 |
7 |
|a Music education
|2 SNKPHeng
|9 324041
|
| 655 |
|
7 |
|a štúdie
|2 SNKPH
|9 57033
|
| 655 |
|
7 |
|a Studies
|2 SNKPHeng
|9 265573
|
| 700 |
1 |
|
|a Starosta, Miloslav,
|d 1940-2020
|4 trl
|9 40033
|
| 919 |
|
|
|a 978-80-89504-03-9
|
| 958 |
|
|
|a NB
|
| 958 |
|
|
|a OP
|
| 968 |
|
|
|b DT
|d 78
|
| 999 |
|
|
|c 577243
|d 579173
|
| 952 |
|
|
|a SNK
|b SNK
|y PREZ
|7 0
|p 17A0702642
|o snkSC 145367
|i snk2011/10770
|8 0
|3 Príloha: 1 CD-ROM
|0 0
|1 0
|4 0
|d 2011-05-11
|l 0
|r 2025-07-14 00:00:00
|w 2026-02-23
|
| 952 |
|
|
|a SNK
|b SNK
|y PREZ
|7 0
|p 17A0702641
|o snkSC 145367/príl.
|i snk2011/10770
|8 0
|3 Príloha: 1 CD-ROM
|z Príloha
|0 0
|1 0
|4 0
|d 2011-05-11
|l 0
|r 2025-07-14 00:00:00
|w 2026-02-23
|
| 952 |
|
|
|a SNK
|b SNK
|y PREZ
|7 0
|p 17A0702639
|o snkSC 145367/príl. D1
|i snk2011/10771
|8 0
|3 Príloha: 1 CD-ROM
|z Príloha
|0 0
|1 0
|4 0
|d 2011-05-11
|l 0
|r 2026-02-23 14:37:43
|w 2026-02-23
|
| 952 |
|
|
|a SNK
|b SNK
|y VYP
|7 0
|p 17A0702640
|o snkSC 145367 D1
|i snk2011/10771
|8 0
|3 Príloha: 1 CD-ROM
|0 0
|1 0
|4 0
|d 2011-05-11
|f 1
|l 0
|r 2026-02-23 14:37:43
|w 2026-02-23
|